00922nam a22001577a 4500040000900000082001700009100003200026245008900058260003800147300001200185505024600197942002600443999001900469952014700488952012900635 cNUST a355.0217,CHO aChossudovsky, Michel930767 aTowards A world war III Scenario :bthe danger of nuclear war /cMichel Chossudovsky aCanadabMichel Chossudovskyc2012 a102 p.: aIntroduction (Page-10, The Dangers of Nuclear War (Page-70, America's Holy Crusade and the Battle for Oil (Page-35), Preparing for World War Three (Page-49), Targeting Iran With Nuclear Weapons (Page-59), Reversing the tide of war (Page-87). 2ddccBKk355.0217,CHO c592820d592820 00102ddc4070aMCSbMCScGENd2022-12-27l1o355.0217,CHOpMCS38556r2024-08-13s2024-07-30w2022-12-27yBKzAlmirah Fresh No.44, Shelf No.2 00102ddc4070aMCSbMCScGENd2022-12-27l0o355.0217,CHOpMCS38555r2022-12-27w2022-12-27yBKzAlmirah No.52, Shelf No.4